Catàleg del Col·legi de Periodistes de Catalunya

100 photos de Reza pour la liberté de la presse (Registre núm. 7355)

000 -CABECERA
Longitud fija campo de control 00740nam a22002411i 4500
003 - IDENTIFICADOR DEL NÚMERO DE CONTROL
Identificador del número de control OSt
005 - FECHA Y HORA DE LA ÚLTIMA TRANSACCIÓN
Fecha y hora de la última transacción 20210715153754.0
008 - CÓDIGOS DE INFORMACIÓN DE LONGITUD FIJA
Códigos de información de longitud fija 201112s2008 fr o 000 0 fre d
020 ## - NÚMERO INTERNACIONAL NORMALIZADO PARA LIBROS
Número Internacional Normalizado para Libros (ISBN) 9782915536720
040 ## - FUENTE DE LA CATALOGACIÓN
Lengua de catalogación cat
Centro transcriptor CDMR
080 ## - NÚMERO DE LA CLASIFICACIÓN DECIMAL UNIVERSAL
Número de la Clasificación Decimal Universal 77 Reza
080 ## - NÚMERO DE LA CLASIFICACIÓN DECIMAL UNIVERSAL
Número de la Clasificación Decimal Universal 77.03:070.13
100 0# - PUNTO DE ACCESO PRINCIPAL-NOMBRE DE PERSONA
Nombre de persona Reza (
Fechas asociadas al nombre 1952-)
Término indicativo de función autor
245 10 - MENCIÓN DE TÍTULO
Título 100 photos de Reza pour la liberté de la presse
246 30 - VARIANTES DE TÍTULO
Título propio / Título en breve Cent photos de Reza pour la liberté de la presse
260 ## - PUBLICACIÓN, DISTRIBUCIÓN, ETC. (PIE DE IMPRENTA)
Lugar de publicación, distribución, etc. Paris :
Nombre del editor, distribuidor, etc. Reporters sans frontières,
Fecha de publicación, distribución, etc. 2008
300 ## - DESCRIPCIÓN FÍSICA
Extensión 144 p. :
Otras características físicas fotos ;
Dimensiones 29 cm
490 0# - MENCIÓN DE SERIE
Mención de serie Pour la liberté de presse
650 #0 - PUNTO DE ACCESO ADICIONAL DE MATERIA - TÉRMINO DE MATERIA
Término de materia o nombre geográfico como elemento inicial Fotografia documental
9 (RLIN) 3095
650 #0 - PUNTO DE ACCESO ADICIONAL DE MATERIA - TÉRMINO DE MATERIA
Término de materia o nombre geográfico como elemento inicial Llibertat d'informació
9 (RLIN) 1574
710 2# - PUNTO DE ACCESO ADICIONAL - NOMBRE DE ENTIDAD
Nombre de entidad o nombre de jurisdicción como elemento inicial Reporters Sans Frontières
9 (RLIN) 1923
942 ## - ENTRADA DE ELEMENTOS AGREGADOS (KOHA)
Fuente de clasificaión o esquema
Koha [por defecto] tipo de item Monografies
Fons
Suprimido Perdido Estropeado No para préstamo Localización permanente Localización actual Fecha adquisición Signatura completa Código de barras Fecha última consulta Fecha del precio de reemplazo Tipo de item de Koha
        Centre de Documentació Montserrat Roig Centre de Documentació Montserrat Roig 2021-07-15 Ar /46 CDMR21070002 2021-07-15 2021-07-15 Monografies

Implantat amb Koha